000 00662nam a22002417a 4500
003 UA-OsUOA
001 66463
007 ta
008 20091229b un ||||| |||| 00| 0 ukr d
100 _aКоньков П. В.
090 _a94(438+477.75).001
_bК65
942 _cBK
040 _aUA-OsUOA
_brus
_cUA-OsUOA
_dUA-OsUOA
245 _aПоляки в Таврической губернии
300 _a180 с.
955 _a2
041 _arus
080 _a94(438+477.75).001
020 _a978-966-8084-29-6
260 _aСимферополь
_c2007
650 7 _a9 Географія. Біографії. Історія
_2UDC
999 _c352538
_d352538